Las emociones como metaprogramas : (Record no. 192063)

MARC details
000 -CABECERA
campo de control de longitud fija 01780nab a2200241 ab4500
005 - FECHA Y HORA DE LA ÚLTIMA TRANSACCIÓN
campo de control 20251119132824.0
008 - ELEMENTOS DE LONGITUD FIJA--INFORMACIÓN GENERAL
campo de control de longitud fija 991125c2016 mx fr p 000 spa d
035 ## - NÚMERO DE CONTROL DEL SISTEMA
Número de control de sistema UPN01000219964
049 ## - COLECCIÓN
Colección ART
003 - IDENTIFICADOR DEL NÚMERO DE CONTROL
campo de control
040 ## - FUENTE DE LA CATALOGACIÓN
Centro catalogador/agencia de origen MX-MxUPN
Lengua de catalogación spa
Centro/agencia transcriptor MX-MxUPN
Normas de descripción aacr
100 1# - ASIENTO PRINCIPAL--NOMBRE PERSONAL
Nombre de persona Melamed, Andrea F.
245 14 - MENCIÓN DE TÍTULO
Título Las emociones como metaprogramas :
Resto del título lo que la psicología evolucionista nos puede enseñar sobre éstas
520 3# - NOTA DE RESUMEN, ETC.
Sumario, etc. El problema de cómo caracterizar las emociones sigue abierto. Se han agrupado diferentes enfoques en dos grandes puntos de vista: por un lado, la teoría cognitiva sostiene que las emociones están esencialmente constituidas por algún tipo de juicio evaluativo; por otro, la teoría perceptual niega que una evaluación de ese tipo sea necesaria para que ocurra una emoción. En este artículo examino la propuesta de la psicología evolutiva, especialmente frente a los problemas emocionales. En particular, considero la posibilidad de que su concepción original de las emociones como programas superiores pueda resolver la disputa entre la visión perceptiva y quienes defienden que se requiere un componente cognitivo, normalmente una evaluación, para que ocurra una emoción.
Fuente proveedora Ludus vitalis (traducción del resumen hecha con IA).
530 ## - NOTA DE FORMATO FÍSICO ADICIONAL DISPONIBLE
Nota de formato físico adicional disponible Disponible también en formato electrónico
650 04 - ASIENTO SECUNDARIO DE MATERIA - TERMINO TEMATICO
Término de materia o nombre geográfico como elemento de entrada Emociones
9 (RLIN) 39
650 02 - ASIENTO SECUNDARIO DE MATERIA - TERMINO TEMATICO
Término de materia o nombre geográfico como elemento de entrada Psicología evolucionista
9 (RLIN) 26884
650 04 - ASIENTO SECUNDARIO DE MATERIA - TERMINO TEMATICO
Término de materia o nombre geográfico como elemento de entrada Cognición
9 (RLIN) 6446
773 ## - ENLACE AL DOCUMENTO FUENTE/ENTRADA DE REGISTRO ANFITRIÓN
Parte(s) relacionada(s) Vol. 23, no. 45, (2016), p. 135-154
Título Ludus vitalis: revista de filosofía de las ciencias de la vida
Número Internacional Normalizado para Publicaciones Seriadas 1133-5165
856 4# - LOCALIZACIÓN Y ACCESO ELECTRÓNICOS
Identificador Uniforme del Recurso <a href="https://www.centrolombardo.edu.mx/ludus-vitalis-busqueda-avanzada/entry/3502/">https://www.centrolombardo.edu.mx/ludus-vitalis-busqueda-avanzada/entry/3502/</a>
856 4# - LOCALIZACIÓN Y ACCESO ELECTRÓNICOS
Identificador Uniforme del Recurso <a href="https://www.centrolombardo.edu.mx/wp-content/uploads/formidable/45/460-942-1-sm.pdf">https://www.centrolombardo.edu.mx/wp-content/uploads/formidable/45/460-942-1-sm.pdf</a>
905 ## - TIPO DE MATERIAL
Tipo de material Articulo
Holdings
Estado de retiro Estado de pérdida Estado dañado No para préstamo Código de colección Localización permanente Ubicación/localización actual Ubicación en estantería Fecha de adquisición Total de préstamos Fecha visto por última vez Identificador Uniforme del Recurso Precio válido a partir de Tipo de ítem Koha
      Disponible (Préstamo en sala) Revistas Bib. Gregorio Torres Quintero Bib. Gregorio Torres Quintero Hemeroteca Sótano 19/11/2025   19/11/2025 https://www.centrolombardo.edu.mx/wp-content/uploads/formidable/45/460-942-1-sm.pdf 19/11/2025 Artículo Impreso